000 00470nam a2200181Ia 4500
001 7928
005 20260306160531.0
008 260306t2022||||xx |||||||||||||| ||spa||
041 _aESP
082 _a364.3
_bR24
100 _aRamos Suyo, Juan Abraham
_eAUT
245 0 _aManual de pericias psicológicas y psiquiátricas en la criminalística
260 _c2022
300 _a508 páginas :
_c25 cm.
650 _aGEN
654 _aCPS
942 _cLIB
_dJUS
_fJUS
_2ddc
_n
999 _c7928
_d7928